| 000 | 00884nam a2200265 i 4500 | ||
|---|---|---|---|
| 001 | 11360 | ||
| 003 | ES-MaACL | ||
| 005 | 20230906150102.0 | ||
| 007 | t| | ||
| 008 | 960430s1994 fr ||||1| fre d | ||
| 020 | _a92-3-202742-9 | ||
| 080 | _a297"19" | ||
| 080 | _a008:297 | ||
| 245 | 0 | 2 |
_aL'Individu et la société en Islam / _cDirecteur de volume: A. Bouhdiba ; codirecteur: M. Ma'ruf al-Dawalibi. |
| 260 |
_aParis : _bUNESCO, _ccop. 1994. |
||
| 300 |
_a480 p. ; _c24 cm. |
||
| 490 | 1 |
_aLes différents aspects de la culture islamique ; _v2 |
|
| 504 | _aBibliografía : p. 465-478. | ||
| 650 | 1 | 4 |
_aIslamismo- _yS.XX. _913913 |
| 700 | 1 |
_aBouhdiba, Abdelwahab. _930878 |
|
| 700 | 1 |
_aAl-Dawalibi, Muhammad Ma'ruf. _919046 |
|
| 830 | 0 |
_aLes différents aspects de la culture islamique ; _v2 _9228195 |
|
| 852 |
_aES-MaACL _jL-18658 _bR.124885 |
||
| 999 |
_c11360 _d11360 |
||